La Guerra de la Restauración (Record no. 7603)

MARC details
000 -LEADER
campo de control de longitud fija 00377nam a2200145Ia 4500
001 - NÚMERO DE CONTROL
campo de control 3392
008 - DATOS DE LONGITUD FIJA--INFORMACIÓN GENERAL
campo de control de longitud fija 241024s9999 xx 000 0 und d
020 ## - NÚMERO INTERNACIONAL ESTÁNDAR DEL LIBRO
Número Internacional Estándar del Libro 978-9945-8740-4-4
082 ## - NÚMERO DE LA CLASIFICACIÓN DECIMAL DEWEY
Número de clasificación RD/972.93/B742g
100 ## - ENTRADA PRINCIPAL--NOMBRE DE PERSONA
Nombre de persona Juan Bosch
245 #0 - MENCIÓN DEL TÍTULO
Título La Guerra de la Restauración
260 ## - PUBLICACIÓN, DISTRIBUCIÓN, ETC.
Nombre del editor, distribuidor, etc. Ediciones Fundación Juan Bosch
Fecha de publicación, distribución, etc. 2012
901 ## - ELEMENTOS DE DATOS A LOCAL LDA (RLIN)
a 11/10/2013 3:25:37 p.m.

No items available.

© 2024. Todos los Derechos Reservados. Desarrollado por IDEICE